| 000 | 00691nam a22002297a 4500 | ||
|---|---|---|---|
| 005 | 20170124110057.0 | ||
| 010 | _aA-951077 | ||
| 020 | _c00.00 | ||
| 035 | _aA-951077 | ||
| 037 | _bCen Lib/Ret | ||
| 040 |
_aDPL _bEN |
||
| 082 |
_a657.8 _bRIC |
||
| 100 |
_aRichardson, Robert _926680 |
||
| 245 |
_aBuilding your own high-tech small office / _cby Robert Richardson |
||
| 260 |
_aDelhi _bIDB Books Worldwide _c1998 |
||
| 270 |
_b Delhi _a6686, Khari Baoli _e110006 |
||
| 300 |
_a393p. : _c22cm(Hb) _bill. |
||
| 500 | _aIncludes index | ||
| 650 |
_aSmall business--Data processing _926681 |
||
| 650 |
_aInformation technology _9107457 |
||
| 942 |
_2ddc _cEN _h657.8 _mRIC |
||
| 999 |
_c129546 _d129546 |
||